000 00954cam a2200241 4500
008 000000n2003 000 0 eng u
020 _a0415237955
035 _a(Sirsi) u112217
041 _aeng.
050 _a526.982
_c18
100 _aKonecny, G.
245 _aGeoinformation: remote sensing, photogrammetry and geographic information systems
260 _aLondon
_bTaylor & Francis
_c2003
300 _axi, 248p.
_bill.
_c24cm.
350 _a19.99
520 _aSurveying and mapping have recently evoloved from discipline oriented technologies into a methodology oriented integrated discipline of geoinformation. This book aims to provide the required background for remote sensing, digital photogrammetry and geographic information systems in the new geoinformation concept.
650 _aREMOTE SENSING
650 _aPHOTOGRAMMETRY
650 _aGIS
650 _aGEOINFORMATION
690 _aMAPPING AND MEASUREMENT
942 _n0
999 _c101374
_d101374